Economics of monetary integration

Αποθηκεύτηκε σε:
Λεπτομέρειες βιβλιογραφικής εγγραφής
Κύριος συγγραφέας: Grauwe, Paul de
Μορφή: Βιβλίο
Γλώσσα:English
Δημοσίευση: Oxford : Oxford University Press, c1997
Έκδοση:3rd ed., rev.
Ετικέτες: Προσθήκη ετικέτας
Δεν υπάρχουν, Καταχωρήστε ετικέτα πρώτοι!

MARC

LEADER 00000nam a2200000 i 4500
001 1/93167
008 991118s1997 eng d
020 |a 0-19-877549-0 
035 |l 10054316 
040 |a GR-MY-UA  |b gre  |e aacr 
041 0 |a eng 
100 1 |a Grauwe, Paul de. 
245 1 0 |a Economics of monetary integration /  |c Paul De Grauwe 
250 |a 3rd ed., rev. 
260 |a Oxford :   |b Oxford University Press,   |c c1997 
300 |a xiv, 228 p. 
504 |a Includes bibliographical references and index 
852 |a INST  |b CHIOS  |e 19991118  |h 332.45094 GRA  |p 005200019525  |q 005200019525  |t BK  |y 0 
901 |a BIBL2-1999-3 
909 |a Χ  |b 070156 
922 |a 2ΕΛΗ  |b 199911  |c ΤΝΕΥ  |d ΠΑΠΑΣΩΤΗΡΙΟΥ 
950 |a 125-1999-07-15 
970 |a ΣΠΕΝΤΖΑ  |b ΕΛΕΝΗ  |z 1999/11/22